<?xml version="1.0" encoding="UTF-8"?>
<record
    xmlns:xsi="http://www.w3.org/2001/XMLSchema-instance"
    xsi:schemaLocation="http://www.loc.gov/MARC21/slim http://www.loc.gov/standards/marcxml/schema/MARC21slim.xsd"
    xmlns="http://www.loc.gov/MARC21/slim">

  <leader>01118cam a22002411a 4500</leader>
  <controlfield tag="001">pa 58000034 </controlfield>
  <controlfield tag="003">DLC</controlfield>
  <controlfield tag="005">20260227111854.0</controlfield>
  <controlfield tag="008">861230s1958    dcuc         i000 0 spa  </controlfield>
  <datafield tag="010" ind1=" " ind2=" ">
    <subfield code="a">pa 58000034 </subfield>
  </datafield>
  <datafield tag="035" ind1=" " ind2=" ">
    <subfield code="a">(OCoLC)15023193</subfield>
  </datafield>
  <datafield tag="040" ind1=" " ind2=" ">
    <subfield code="a">DLC</subfield>
    <subfield code="c">OCU</subfield>
    <subfield code="d">CHS</subfield>
    <subfield code="d">AzTeS</subfield>
    <subfield code="d">FMU</subfield>
    <subfield code="d">DLC</subfield>
  </datafield>
  <datafield tag="042" ind1=" " ind2=" ">
    <subfield code="a">premarc</subfield>
  </datafield>
  <datafield tag="050" ind1="0" ind2="0">
    <subfield code="a">PQ8097.G6</subfield>
    <subfield code="b">Z69</subfield>
  </datafield>
  <datafield tag="245" ind1="0" ind2="0">
    <subfield code="a">Gabriela Mistral, 1889-1957.</subfield>
  </datafield>
  <datafield tag="260" ind1=" " ind2=" ">
    <subfield code="a">Washington, D.C. :</subfield>
    <subfield code="b">Pan American Union,</subfield>
    <subfield code="c">1958.</subfield>
  </datafield>
  <datafield tag="300" ind1=" " ind2=" ">
    <subfield code="a">90 p. :</subfield>
    <subfield code="b">port. ;</subfield>
    <subfield code="c">25 cm.</subfield>
  </datafield>
  <datafield tag="490" ind1="1" ind2=" ">
    <subfield code="a">Publicaciones / Comit&#xE9; Interamericano de Bibliograf&#xED;a. Organizaci&#xF3;n de los Estados Americanos</subfield>
  </datafield>
  <datafield tag="505" ind1="0" ind2=" ">
    <subfield code="a">Recuerdo de Gabriela Mistral / J. Mar&#xED;n -- Gabriela Mistral ; aspectos de su vida y de su obra / J. Uribe Echevarr&#xED;a -- Alabanza de Gabriela Mistral / R. Helidoro Valle -- Las ideas americanistas de Gabriela Mistral / J. A. Mora -- Los escritos de Gabriela Mistral y estudios sobre su obra / N. Albanell y N. Mango.</subfield>
  </datafield>
  <datafield tag="600" ind1="1" ind2="0">
    <subfield code="a">Mistral, Gabriela,</subfield>
    <subfield code="d">1889-1957.</subfield>
  </datafield>
  <datafield tag="600" ind1="1" ind2="0">
    <subfield code="a">Mistral, Gabriela,</subfield>
    <subfield code="d">1889-1957</subfield>
    <subfield code="v">Bibliography.</subfield>
  </datafield>
  <datafield tag="810" ind1="2" ind2=" ">
    <subfield code="a">Inter-American Committee on Bibliography.</subfield>
    <subfield code="t">Publications.</subfield>
  </datafield>
  <datafield tag="999" ind1=" " ind2=" ">
    <subfield code="c">51368</subfield>
    <subfield code="d">51368</subfield>
  </datafield>
</record>
